Cohen's pathways of the pulp / (Record no. 171426)

MARC details
000 -LEADER
fixed length control field 01002nam a22002897a 4500
003 - CONTROL NUMBER IDENTIFIER
control field OSt
005 - DATE AND TIME OF LATEST TRANSACTION
control field 20250306142721.0
008 - FIXED-LENGTH DATA ELEMENTS--GENERAL INFORMATION
fixed length control field 250306b |||||||| |||| 00| 0 eng d
020 ## - INTERNATIONAL STANDARD BOOK NUMBER
International Standard Book Number 9780323673037 (hardcover)
040 ## - CATALOGING SOURCE
Original cataloging agency NUST
Language of cataloging eng
Transcribing agency NUST
Modifying agency NUST
Description conventions rda
050 ## - LIBRARY OF CONGRESS CALL NUMBER
Classification number RK351 COH
245 ## - TITLE STATEMENT
Title Cohen's pathways of the pulp /
Statement of responsibility, etc. editted by Kenneth M. Hargreaves, Louis H. Berman and Ilan Rotstein.
250 ## - EDITION STATEMENT
Edition statement Twelfth edition.
260 ## - PUBLICATION, DISTRIBUTION, ETC.
Place of publication, distribution, etc. St. Louis :
Name of publisher, distributor, etc. Elsevier,
Date of publication, distribution, etc. 2021.
300 ## - PHYSICAL DESCRIPTION
Extent xii,979 pages :
Other physical details illustrations ;
Dimensions 29 cm.
336 ## - CONTENT TYPE
Source rdamedia
Content type term text
Content type code txt
337 ## - MEDIA TYPE
Source rdamedia
Media type term unmediated
Media type code n
338 ## - CARRIER TYPE
Source rdamedia
Carrier type term volume
Carrier type code nc
504 ## - BIBLIOGRAPHY, ETC. NOTE
Bibliography, etc. note Includes bibliographical references and index.
650 ## - SUBJECT ADDED ENTRY--TOPICAL TERM
Form subdivision Endodontics.
650 ## - SUBJECT ADDED ENTRY--TOPICAL TERM
Form subdivision Dental Pulp.
650 ## - SUBJECT ADDED ENTRY--TOPICAL TERM
Form subdivision Endodontics.
700 ## - ADDED ENTRY--PERSONAL NAME
Personal name Hargreaves, Kenneth M.
Relator term Editor
700 ## - ADDED ENTRY--PERSONAL NAME
Personal name Cohen, Stephen, 1938-
Relator term Editor
700 ## - ADDED ENTRY--PERSONAL NAME
Personal name Berman, Louis H.
Relator term Editor
942 ## - ADDED ENTRY ELEMENTS (KOHA)
Source of classification or shelving scheme Library of Congress Classification
Koha item type Ordinary Loan Books
Edition Twelfth edition.
Classification part RK351 COH
Call number prefix RK
Call number suffix COH
Suppress in OPAC No
Holdings
Withdrawn status Lost status Source of classification or shelving scheme Damaged status Not for loan Collection Home library Current library Shelving location Date acquired Source of acquisition Cost, normal purchase price Total Checkouts Full call number Barcode Date last seen Accession number Cost, replacement price Price effective from Koha item type Public note
    LCC     NFIC MEDICAL MEDICAL GEN 03/06/2025 Book Aid International 167.64   RK351 COH 92004055113 03/06/2025 62221 167.64 03/06/2025 BOOKS Donation